Minecraft Movie Quotes Without Vowels - Statistics

General Stats
  • This quiz has been taken 52 times
    49 since last reset
  • The average score is 15 of 20
Answer Stats
Hint Answer % Correct
CHCKN JCKY Chicken Jockey
100%
M STV I am Steve
98%
FLNT ND STL Flint and steel
95%
THY'R GNN BLW THS BRDG SKY HGH They're gonna blow this bridge sky high
95%
NDNR PRL Ender Pearl
93%
STV'S LV CHCKN Steve's lava chicken
91%
TH NTHR The Nether
91%
THS S CRFTNG TBL This is a crafting table
86%
S CHLD YRND FR TH MNS As a child I yearned for the mines
82%
CMNG N HT Coming in hot
82%
DMND RMR FLL ST Diamond armor full set
77%
SLM CB Slime Cube
77%
BTS F SWFTNSS Boots of Swiftness
75%
THNK THS S WYMNG I think this is Wyoming
75%
WTR BCKT RLS Water bucket release
70%
CRSHNG LF Crushing loaf
66%
BLDS FR DYS Blades for days
59%
LYTR WNGST Elytra Wingsuit
57%
YR HD S HG Your head is huge
43%
BG L RD NS Big ole red ones
25%
No matching quizzes found
Score Distribution
Percent of People with Each Score
Percentile by Number Answered
Your Score History
You have not taken this quiz since the last reset